000 00348 a2200145 4500
001 169468
020 _a
040 _cMagnum
100 _aBarbier, Jean-Marie
240 1 0 _aElaboracao de projectos de accao e planificacao
_lpor
245 1 0 _aElaboracao de projectos de accao e planificacao
362 0 _a1899
697 _aGERAL
942 _cBK
999 _c169468
_d169468